II Межобластная конференция почвоведов Южного Урала и Среднего Поволжья : (Record no. 454815)
[ view plain ]
| 000 -LEADER | |
|---|---|
| fixed length control field | 01397nam a2200241 a 4500 |
| 003 - CONTROL NUMBER IDENTIFIER | |
| control field | AM-YEHGA |
| 040 ## - CATALOGING SOURCE | |
| Original cataloging agency | AM-YeHGA |
| 090 ## - LOCALLY ASSIGNED LC-TYPE CALL NUMBER (OCLC); LOCAL CALL NUMBER (RLIN) | |
| -- | 457812 |
| 001 - CONTROL NUMBER | |
| control field | 000695720 |
| 005 - DATE AND TIME OF LATEST TRANSACTION | |
| control field | 20250617160522.0 |
| 008 - FIXED-LENGTH DATA ELEMENTS--GENERAL INFORMATION | |
| fixed length control field | 091105s1961 ai | |||||||||||||rus|d |
| 041 0# - LANGUAGE CODE | |
| Language code of text/sound track or separate title | rus |
| 110 2# - MAIN ENTRY--CORPORATE NAME | |
| Corporate name or jurisdiction name as entry element | Межобластная конференция почвоведов Южного Урала и Среднего Поволжья |
| Number of part/section/meeting | (2 : |
| Date of meeting or treaty signing | 1961 : |
| Location of meeting | Казань) |
| 245 10 - TITLE STATEMENT | |
| Title | II Межобластная конференция почвоведов Южного Урала и Среднего Поволжья : |
| Remainder of title | Тезисы докладов / |
| Statement of responsibility, etc. | Казан. гос. ун-т им. В.И. Ульянова-Ленина; Казан. фил. АН; Каз. отдел. Всесоюз. об-ва почв. |
| 260 ## - PUBLICATION, DISTRIBUTION, ETC. | |
| Place of publication, distribution, etc. | Казань : |
| Name of publisher, distributor, etc. | Изд-во Казан. ун-та, |
| Date of publication, distribution, etc. | 1961. |
| 300 ## - PHYSICAL DESCRIPTION | |
| Extent | 107 с. ; |
| Dimensions | 22 см. |
| 650 14 - SUBJECT ADDED ENTRY--TOPICAL TERM | |
| Topical term or geographic name entry element | Почвоведение |
| General subdivision | Агрохимия |
| Geographic subdivision | Среднее Поволжье |
| 650 14 - SUBJECT ADDED ENTRY--TOPICAL TERM | |
| Topical term or geographic name entry element | Почвоведение |
| General subdivision | Агрохимия |
| Geographic subdivision | Южный Урал |
| 710 2# - ADDED ENTRY--CORPORATE NAME | |
| Corporate name or jurisdiction name as entry element | Казанский государственный университет им. В.И. Ульянова-Ленина |
| 710 2# - ADDED ENTRY--CORPORATE NAME | |
| Corporate name or jurisdiction name as entry element | Академия наук. |
| Subordinate unit | Казанский филиал |
| 710 2# - ADDED ENTRY--CORPORATE NAME | |
| Corporate name or jurisdiction name as entry element | Всесоюзное общество почвоведов. |
| Subordinate unit | Казанское отделение |
| 942 ## - ADDED ENTRY ELEMENTS (KOHA) | |
| Source of classification or shelving scheme | Universal Decimal Classification |
| Koha item type | Գրքեր / Books |
| Withdrawn status | Lost status | Damaged status | Not for loan | Collection | Home library | Current library | Date acquired | Total checkouts | Full call number | Barcode | Date last seen | Price effective from | Koha item type | Public note |
|---|---|---|---|---|---|---|---|---|---|---|---|---|---|---|
| General | Fundamental Scientific Library | Fundamental Scientific Library | 14/12/2020 | РII/41389 | FL0635310 | 14/12/2020 | 14/12/2020 | Գրքեր / Books | 30 Days Loan |
ՀՀ Գիտությունների ազգային ակադեմիայի հիմնարար գիտական գրադարան = Fundamental Scientific Library of NAS RA
All site content, except where otherwise noted, is licensed under a